| 000 | 00000nam##2200000za#4500 |
| 001 | 9.632587 |
| 003 | CaOODSP |
| 005 | 20210624214904 |
| 007 | cr ||||||||||| |
| 008 | 150407|2006||||xxc|||||o f|0| 0 fre|d |
| 020 | |a0-662-71265-X |
| 040 | |aCaOODSP|bfre |
| 043 | |an-cn--- |
| 086 | 1 |aNR1-3/2006F-PDF |
| 110 | 2 |aConseil national de recherches Canada. |
| 245 | 10|aRépertoire des instituts, programmes et centres de technologie du CNRC |h[ressource électronique] |
| 260 | |aOttawa - Ontario : |bConseil national de recherches |c2006. |
| 300 | |a26p.|bphotographies |
| 520 | 3 |aCe répertoire renferme les coordonnées et le profil de 22 instituts, programmes et centres de technologie du Conseil national de recherches du Canada (CNRC) – par exemple, l’Institut de recherche en biotechnologie, le Programme d’aide à la recherche industrielle et l’Institut Herzberg d’astrophysique. Chaque profil fait état du type de recherche appuyé par l’organisme ou le programme ainsi que des organisations connexes. Les coordonnées comprennent une adresse Web, une adresse postale et un numéro de téléphone. |
| 590 | |a07-31|b2007-08-03 |
| 691 | 07|aRépertoire|2gcpds |
| 691 | 07|aInstitut de recherche|2gcpds |
| 691 | 07|aRecherche scientifique|2gcpds |
| 775 | 08|tDirectory of NRC institutes, programs and technology centres |w(CaOODSP)9.688154 |
| 776 | 0#|tDirectory of NRC institutes, programs and technology centres |w(CaOODSP)9.667319 |
| 776 | 0#|tRépertoire des instituts, programmes et centres de technologie du CNRC |w(CaOODSP)9.667320 |
| 856 | 40|ahttp://publications.gc.ca|qPDF|s1401 Ko|uhttps://publications.gc.ca/collections/collection_2007/nrc-cnrc/NR1-3-2006F.pdf |